000 01270nac a22003131i 4500
003 EG-ScBUE
005 20250616132100.0
008 250616s1998 enka f b 001 0 eng d
020 _a9780471973942
020 _a0471973947 (pbk. : alk. paper)
035 _a(DLC) 97048745
040 _aEG-ScBUE
_beng
_erda
_cEG-ScBUE
_dEG-ScBUE
082 0 4 _a536.7
_bKON
_222
100 1 _aKondepudi, D. K.,
_eauthor.
245 1 0 _aModern thermodynamics :
_bfrom heat engines to dissipative structures /
_cDilip Kondepudi, Ilya Prigogine.
264 1 _aChichester ;
_aNew York :
_bJohn Wiley & Sons,
_c1998.
300 _axvii, 486 pages :
_billustrations ;
_c24 cm
336 _2rdacontent
_atext
_btxt
337 _aunmediated
_2rdamedia
_bn
338 _avolume
_bnc
_2rdacarrier
504 _aIncludes bibliographical references and index.
650 7 _aThermodynamics.
_2BUEsh
655 _vReading book
700 1 _aPrigogine, I.
_q(Ilya)
_eauthor.
856 4 2 _3Contributor biographical information
_uhttp://www.loc.gov/catdir/bios/wiley041/97048745.html
856 4 2 _3Publisher description
_uhttp://www.loc.gov/catdir/description/wiley032/97048745.html
856 4 2 _3Table of Contents
_uhttp://www.loc.gov/catdir/toc/onix03/97048745.html
942 _cBB
_2ddc
999 _c4354
_d4354